Chile: la transformación ética

Guardat en:
Dades bibliogràfiques
Autor principal: Correa Casanova, Mauricio (Autor)
Format: Llibre
Idioma:espanyol
Publicat: Santiago Uqbar Editores 2017
Edició:1a. ed
Matèries:
Etiquetes: Afegir etiqueta
Sense etiquetes, Sigues el primer a etiquetar aquest registre!

MARC

LEADER 00000cam a2200000 a 4500
001 UCC4578
003 CL-VaPUC
008 180810e20170000cl |||||||||||||||||spa|d
020 |a 9789563760446 
082 0 4 |a 306  |b COR  |2 21 
100 0 |a Correa Casanova, Mauricio  |e author  |9 598760 
245 1 0 |a Chile: la transformación ética 
250 |a 1a. ed 
300 |a 178 p 
942 |c BK 
945 |d 20180810 15:16:00  |a dcastane 
260 |a Santiago  |b Uqbar Editores  |c 2017 
650 0 |a Sociología   |9 255410 
650 0 |a Sociedad chilena  |9 412967 
650 0 |a Etica profesional   |9 255694 
650 0 |a Responsabilidad social  |9 339076 
583 |a last modification  |c 20180810 15:16:00  |k Rodrigo Vera 
999 |c 372030  |d 372028 
952 |0 0  |1 0  |3 erb  |4 0  |6 306_000000000000000_COR_2017  |7 0  |8 A  |9 489254  |a BIBTEO  |b BIBTEO  |i 5469740  |o 306 COR 2017  |p 5469740  |r 2025-01-17  |w 2019-11-24  |y BK  |z Catalogado en:20180810  |k ICR